[Event "4NCL Division Three Bishops"]
[Site "Telford, ENG"]
[Date "2024.02.10"]
[Round "5.25"]
[White "Acharya, Kandara"]
[Black "Finlay, Liam"]
[Result "1-0"]
[WhiteElo "1589"]
[BlackElo "1419"]
[PlyCount "99"]
[EventDate "2024.02.10"]
[WhiteTeam "She Plays To Win Lionesses"]
[BlackTeam "Sussex Martlets 3"]

1. c4 Nf6 2. Nf3 e6 3. g3 d5 4. Bg2 Be7 5. O-O O-O 6. d4 dxc4 7. Qa4 a6 8. Qxc4
b5 9. Qc2 Bb7 10. e3 Nbd7 11. Nbd2 c5 12. b3 Rc8 13. Qd1 cxd4 14. Nxd4 Bxg2 15.
Kxg2 Nc5 16. Ba3 Re8 17. Bxc5 Bxc5 18. N2f3 Qb6 19. Qb1 h6 20. b4 Be7 21. a3
Nd5 22. Rc1 Bf6 23. Qb3 Qb7 24. Rc5 Bxd4 25. exd4 Kf8 26. Rac1 Ke7 27. Qc2 Rxc5
28. Qxc5+ Kf6 29. Kg1 Rd8 30. Qc6 Qb6 31. Qxb6 Nxb6 32. Rc6 Rb8 33. Ne5 Kf5 34.
Nxf7 Nc4 35. Nd6+ Nxd6 36. Rxd6 Ra8 37. Kf1 a5 38. Rb6 axb4 39. Rxb5+ Ke4 40.
axb4 Kf3 41. Re5 Ra1+ 42. Re1 Rxe1+ 43. Kxe1 Ke4 44. b5 Kd5 45. Ke2 e5 46. b6
Kc6 47. dxe5 Kxb6 48. Kd3 Kc5 49. Ke4 g6 50. f4 1-0

[Event "4NCL Division Three Bishops"]
[Site "Telford, ENG"]
[Date "2024.02.10"]
[Round "5.26"]
[White "Chapman, Mike"]
[Black "Ethelontis, Elena"]
[Result "0-1"]
[WhiteElo "1102"]
[BlackElo "1319"]
[PlyCount "98"]
[EventDate "2024.02.10"]
[WhiteTeam "Sussex Martlets 3"]
[BlackTeam "She Plays To Win Lionesses"]

1. d4 d5 2. c4 Nf6 3. Nc3 c6 4. e3 Bf5 5. Bd3 Bxd3 6. Qxd3 e6 7. f3 Be7 8. Nge2
O-O 9. e4 Nbd7 10. O-O Rb8 11. Bf4 Rc8 12. cxd5 cxd5 13. e5 Ne8 14. Rac1 Nb6
15. b3 Bg5 16. Rc2 Bxf4 17. Nxf4 Qd7 18. Rfc1 f6 19. Qb5 Qe7 20. Nce2 Rxc2 21.
Rxc2 fxe5 22. dxe5 Nc7 23. Qd3 Na6 24. Qd1 Re8 25. Qc1 Nd7 26. Qe3 Nb6 27. Qc1
Nb4 28. Rd2 Rc8 29. Qf1 Qc5+ 30. Kh1 Qe3 31. Qd1 Qxe5 32. g3 Rf8 33. Nd4 Rf6
34. Ndxe6 Rxe6 35. Nxe6 Qxe6 36. Kg2 Nc6 37. a3 Qd6 38. a4 a5 39. h4 Ne7 40. g4
Ng6 41. h5 Nf4+ 42. Kg3 Nxh5+ 43. Kh4 g5+ 44. Kxg5 Qf6+ 45. Kxh5 h6 46. Rxd5
Qf7+ 47. Kh4 Qxd5 48. Qxd5+ Nxd5 49. Kh5 Kg7 0-1

[Event "4NCL Division Three Bishops"]
[Site "Telford, ENG"]
[Date "2024.02.10"]
[Round "5.31"]
[White "Grillage, Andrew"]
[Black "Vaidyanathan, Adithya"]
[Result "1/2-1/2"]
[WhiteElo "2005"]
[BlackElo "2186"]
[PlyCount "117"]
[EventDate "2024.02.10"]
[WhiteTeam "Shropshire & Friends"]
[BlackTeam "Warwickshire Select 2"]

1. d4 Nf6 2. Nf3 g6 3. c4 c5 4. d5 b5 5. Qc2 bxc4 6. e4 d6 7. Bxc4 Bg7 8. O-O
O-O 9. Nc3 Nbd7 10. Re1 Ng4 11. Rb1 Nde5 12. Nxe5 Nxe5 13. Ne2 Nxc4 14. Qxc4
Qa5 15. Bg5 Ba6 16. Qc2 Rfe8 17. b3 h6 18. Bd2 Qb5 19. Nf4 Be5 20. Rbd1 c4 21.
bxc4 Qxc4 22. Rc1 Qxc2 23. Rxc2 g5 24. Nh5 Rec8 25. Rxc8+ Rxc8 26. Be3 Bd3 27.
f3 a5 28. Ng3 e6 29. dxe6 fxe6 30. Rd1 Bc2 31. Rd2 Bb1 32. Ne2 Rc2 33. Rxc2
Bxc2 34. Bd4 Bxd4+ 35. Nxd4 Bb1 36. a4 Kf7 37. Nc6 Bc2 38. Nxa5 Bxa4 39. Nc4
Ke7 40. Kf2 Bb3 41. Ne3 Kf6 42. g3 h5 43. Ng2 Bc2 44. Ne3 Bd3 45. Nd1 g4 46.
Ke3 Bc2 47. Nf2 gxf3 48. Kxf3 e5 49. h4 Bb3 50. g4 Bf7 51. Nh1 hxg4+ 52. Kxg4
Be6+ 53. Kf3 d5 54. Ng3 d4 55. Ke2 Bg8 56. Kd3 Bh7 57. Ne2 Bg8 58. Nxd4 exd4
59. Kxd4 1/2-1/2

[Event "4NCL Division Three Bishops"]
[Site "Telford, ENG"]
[Date "2024.02.10"]
[Round "5.32"]
[White "Mason, Donald J"]
[Black "Higgie, Charles L"]
[Result "1-0"]
[WhiteElo "2066"]
[BlackElo "1921"]
[PlyCount "59"]
[EventDate "2024.02.10"]
[WhiteTeam "Warwickshire Select 2"]
[BlackTeam "Shropshire & Friends"]

1. e4 c5 2. Nf3 d6 3. d4 cxd4 4. Nxd4 Nf6 5. Nc3 Nc6 6. Bg5 Qb6 7. Nb3 e6 8.
Qe2 a6 9. O-O-O Be7 10. Kb1 Qc7 11. g4 b5 12. a3 Ne5 13. Rg1 Nc4 14. Rg3 h6 15.
Bc1 Nd7 16. f4 Ndb6 17. Bg2 Bb7 18. Nd4 Bf6 19. b3 Na5 20. Ndxb5 axb5 21. Nxb5
Qb8 22. Nxd6+ Ke7 23. g5 hxg5 24. e5 Rxh2 25. exf6+ gxf6 26. fxg5 Nd5 27. gxf6+
Nxf6 28. Bg5 Rxg2 29. Bxf6+ Kxf6 30. Qf1+ 1-0

[Event "4NCL Division Three Bishops"]
[Site "Telford, ENG"]
[Date "2024.02.10"]
[Round "5.33"]
[White "Bryant, Richard B E"]
[Black "Paterson, Andrew I"]
[Result "0-1"]
[WhiteElo "1837"]
[BlackElo "2145"]
[PlyCount "88"]
[EventDate "2024.02.10"]
[WhiteTeam "Shropshire & Friends"]
[BlackTeam "Warwickshire Select 2"]

1. e4 c6 2. d4 d5 3. e5 c5 4. c3 Nc6 5. Nf3 Bg4 6. Be2 e6 7. Nbd2 cxd4 8. Nxd4
Bxe2 9. Qxe2 Nxd4 10. cxd4 Qb6 11. Nb3 Ne7 12. O-O Nc6 13. Rd1 Be7 14. Qg4 Rg8
15. Qh3 h6 16. Qg4 O-O-O 17. Bd2 Kb8 18. Bc3 g5 19. Rd2 Rg6 20. Qd1 g4 21. Nc1
h5 22. a4 f5 23. a5 Qc7 24. Nd3 a6 25. Rc2 Qd7 26. b4 Na7 27. Nf4 Rg7 28. Nd3
Nb5 29. Nc5 Bxc5 30. bxc5 f4 31. Qd3 f3 32. Bd2 fxg2 33. Rac1 Rc8 34. Bh6 Rf7
35. Kxg2 Rf3 36. Be3 Qe8 37. Qe2 Rc6 38. Rb2 Qg6 39. Rxb5 axb5 40. Qxb5 Qe4 41.
Kg1 Rxe3 42. Qb4 g3 43. a6 gxf2+ 44. Kxf2 Re2+ 0-1

[Event "4NCL Division Three Bishops"]
[Site "Telford, ENG"]
[Date "2024.02.10"]
[Round "5.34"]
[White "Sandhu, Manvith"]
[Black "Bailey, Adrian"]
[Result "1-0"]
[WhiteElo "2061"]
[BlackElo "1779"]
[PlyCount "67"]
[EventDate "2024.02.10"]
[WhiteTeam "Warwickshire Select 2"]
[BlackTeam "Shropshire & Friends"]

1. e4 e5 2. Nf3 Nf6 3. d4 Nxe4 4. Bd3 d5 5. Nxe5 Qf6 6. O-O Bd6 7. Qe2 O-O 8.
Bxe4 dxe4 9. Qxe4 Re8 10. f4 c6 11. Qf3 Nd7 12. Nc3 Bxe5 13. dxe5 Qe7 14. Ne4
Nb6 15. Be3 Be6 16. Bxb6 axb6 17. Qg3 Kh8 18. f5 Bd5 19. Nd6 Rg8 20. c4 Bxg2
21. Kxg2 Ra5 22. a3 g6 23. f6 Qe6 24. b4 Raa8 25. Qh3 Qxh3+ 26. Kxh3 Rgf8 27.
Nxf7+ Kg8 28. Nh6+ Kh8 29. e6 Rad8 30. Nf7+ Rxf7 31. exf7 h6 32. Rae1 Kh7 33.
Re8 Rd3+ 34. Kg2 1-0

[Event "4NCL Division Three Bishops"]
[Site "Telford, ENG"]
[Date "2024.02.10"]
[Round "5.35"]
[White "Fisher, Peter"]
[Black "Dicen, Imogen"]
[Result "1/2-1/2"]
[WhiteElo "1710"]
[BlackElo "1981"]
[PlyCount "107"]
[EventDate "2024.02.10"]
[WhiteTeam "Shropshire & Friends"]
[BlackTeam "Warwickshire Select 2"]

1. e4 c5 2. Nf3 Nc6 3. d4 cxd4 4. Nxd4 g6 5. Nxc6 bxc6 6. Qd4 Nf6 7. e5 Nd5 8.
e6 Nf6 9. exf7+ Kxf7 10. Be2 Bg7 11. Qd1 Qc7 12. c4 d6 13. Nc3 Re8 14. O-O Bb7
15. Bf3 Rad8 16. Qb3 e6 17. Be3 Ba8 18. Qa3 Re7 19. Rad1 Red7 20. b4 Bf8 21.
Qb2 Rb8 22. a4 a6 23. Rd2 d5 24. c5 e5 25. Bg5 Bxc5 26. Na2 Be7 27. Rdd1 e4 28.
Be2 a5 29. b5 c5 30. Rfe1 d4 31. Bc4+ Kg7 32. h3 h6 33. Bc1 Bd6 34. Qd2 g5 35.
Qe2 Re7 36. Qb2 Be5 37. Qb3 Qb7 38. Ba3 Qc7 39. Nc1 Rb6 40. Ne2 Kh8 41. Ng3 e3
42. Nf1 exf2+ 43. Kxf2 Ne4+ 44. Kg1 Nc3 45. Rd2 Rf6 46. Qc2 Bh2+ 47. Kh1 Rxe1
48. Rf2 Bf4 49. Bb2 Qc8 50. Kg1 Be3 51. Bxc3 dxc3 52. Qxc3 Bxf2+ 53. Kh1 Qxh3+
54. Qxh3 1/2-1/2

[Event "4NCL Division Three Bishops"]
[Site "Telford, ENG"]
[Date "2024.02.10"]
[Round "5.36"]
[White "Patel, Keatan"]
[Black "Slegg, Gary"]
[Result "1-0"]
[WhiteElo "1939"]
[BlackElo "1572"]
[PlyCount "69"]
[EventDate "2024.02.10"]
[WhiteTeam "Warwickshire Select 2"]
[BlackTeam "Shropshire & Friends"]

1. d4 c5 2. d5 g6 3. c4 Bg7 4. Nc3 d6 5. e4 Nd7 6. f4 Ngf6 7. Nf3 Nb6 8. Bd3
Nfd7 9. a4 Bxc3+ 10. bxc3 a5 11. e5 Nf8 12. O-O e6 13. Qe2 Qc7 14. f5 Bd7 15.
fxe6 fxe6 16. exd6 Qxd6 17. Ng5 O-O-O 18. Bf4 e5 19. Bxe5 Qe7 20. Bxh8 Qxe2 21.
Bxe2 Bf5 22. g4 Bc2 23. Nf7 Rd7 24. Bg7 Re7 25. Nd6+ Kc7 26. Bxf8 Rxe2 27. Rae1
Rxe1 28. Rxe1 Nd7 29. Nb5+ Kd8 30. Bh6 Nb6 31. Bg5+ Kd7 32. Re7+ Kc8 33. Rc7+
Kb8 34. Bf4 Bxa4 35. Rc6+ 1-0

[Event "4NCL Division Three Bishops"]
[Site "Telford, ENG"]
[Date "2024.02.10"]
[Round "5.41"]
[White "Carroll, Thomas"]
[Black "Kanyamarala, Tarun"]
[Result "1/2-1/2"]
[WhiteElo "2221"]
[BlackElo "2286"]
[PlyCount "134"]
[EventDate "2024.02.10"]
[WhiteTeam "Chessable White Rose 3"]
[BlackTeam "Greater Woodpushers"]

1. Nf3 d5 2. c4 d4 3. g3 Nc6 4. Bg2 e5 5. O-O Nf6 6. d3 Bc5 7. b4 Nxb4 8. Nxe5
O-O 9. a3 Na6 10. Nd2 Re8 11. Nef3 Bd7 12. Ng5 Qc8 13. Bb2 Bg4 14. Re1 Qf5 15.
Nge4 Nxe4 16. Nxe4 Qd7 17. Qd2 Rad8 18. Qf4 Be7 19. e3 c5 20. exd4 cxd4 21. Ng5
Bxg5 22. Qxg5 h6 23. Qd5 Qxd5 24. Rxe8+ Rxe8 25. cxd5 Nc5 26. Rb1 Nxd3 27. Bxd4
b6 28. h3 Bf5 29. Rd1 Nc5 30. Be3 Ne4 31. g4 Nc3 32. Rd2 Be4 33. Bxe4 Nxe4 34.
Rc2 Nf6 35. d6 Rd8 36. Bf4 Ne8 37. Rd2 Rd7 38. Kg2 f6 39. a4 Kf7 40. h4 Ke6 41.
Re2+ Kf7 42. Rc2 g5 43. hxg5 hxg5 44. Bg3 Nxd6 45. Bxd6 Rxd6 46. Rc7+ Ke6 47.
Rxa7 Kd5 48. Ra6 Kc5 49. a5 b5 50. Ra8 Kb4 51. a6 Ka4 52. Kf3 b4 53. a7 Rd7 54.
Ke4 b3 55. Kf5 Ka3 56. Kxf6 b2 57. Rb8 Rxa7 58. Kxg5 Ra4 59. Rxb2 Kxb2 60. Kf5
Kc3 61. g5 Kd4 62. g6 Ra5+ 63. Kf6 Ke4 64. g7 Ra8 65. Kf7 Kf3 66. g8=Q Rxg8 67.
Kxg8 Kxf2 1/2-1/2

[Event "4NCL Division Three Bishops"]
[Site "Telford, ENG"]
[Date "2024.02.10"]
[Round "5.42"]
[White "Longson, Alexander"]
[Black "Gayson, Peter M"]
[Result "1/2-1/2"]
[WhiteElo "2261"]
[BlackElo "2114"]
[PlyCount "53"]
[EventDate "2024.02.10"]
[WhiteTeam "Greater Woodpushers"]
[BlackTeam "Chessable White Rose 3"]

1. e4 c5 2. Nf3 e6 3. g3 d5 4. exd5 exd5 5. d4 Nf6 6. Bg2 Be7 7. O-O O-O 8. Nc3
h6 9. dxc5 Bxc5 10. a3 Nc6 11. b4 Be7 12. Bb2 Bg4 13. h3 Bh5 14. Re1 Re8 15.
Qd2 Bg6 16. Ne5 Bxb4 17. Nxg6 Rxe1+ 18. Qxe1 Bxc3 19. Bxc3 fxg6 20. Qe6+ Kh7
21. Re1 d4 22. Rd1 Qb6 23. Bxd4 Nxd4 24. Qxb6 Ne2+ 25. Kf1 Nxg3+ 26. fxg3 axb6
27. Rd3 1/2-1/2

[Event "4NCL Division Three Bishops"]
[Site "Telford, ENG"]
[Date "2024.02.10"]
[Round "5.43"]
[White "Burnett, Jim"]
[Black "Rawlinson, Aidan M"]
[Result "1/2-1/2"]
[WhiteElo "2114"]
[BlackElo "2203"]
[PlyCount "30"]
[EventDate "2024.02.10"]
[WhiteTeam "Chessable White Rose 3"]
[BlackTeam "Greater Woodpushers"]

1. d4 g6 2. g3 Bg7 3. Bg2 Nf6 4. c4 O-O 5. Nc3 d6 6. Nf3 Nc6 7. O-O e5 8. d5
Nb8 9. e4 a5 10. Ne1 Na6 11. Nd3 Nd7 12. f4 exf4 13. Bxf4 Nac5 14. Nxc5 Nxc5
15. Qd2 Qe7 1/2-1/2

[Event "4NCL Division Three Bishops"]
[Site "Telford, ENG"]
[Date "2024.02.10"]
[Round "5.44"]
[White "Lee, Daniel T"]
[Black "Gostelow, Luke"]
[Result "1/2-1/2"]
[WhiteElo "2114"]
[BlackElo "2007"]
[PlyCount "34"]
[EventDate "2024.02.10"]
[WhiteTeam "Greater Woodpushers"]
[BlackTeam "Chessable White Rose 3"]

1. d4 Nf6 2. c4 c5 3. d5 e6 4. Nc3 exd5 5. cxd5 d6 6. e4 g6 7. Nf3 Bg7 8. Be2
O-O 9. O-O a6 10. a4 Bg4 11. Nd2 Bxe2 12. Qxe2 Nbd7 13. Nc4 Nb6 14. Bf4 Nxc4
15. Qxc4 Qe7 16. Rfe1 Nd7 17. a5 Ne5 1/2-1/2

[Event "4NCL Division Three Bishops"]
[Site "Telford, ENG"]
[Date "2024.02.10"]
[Round "5.45"]
[White "Huk, Andrii"]
[Black "McLean, Robert"]
[Result "1-0"]
[WhiteElo "1882"]
[BlackElo "2089"]
[PlyCount "73"]
[EventDate "2024.02.10"]
[WhiteTeam "Chessable White Rose 3"]
[BlackTeam "Greater Woodpushers"]

1. e4 e6 2. d4 d5 3. exd5 exd5 4. Nf3 Nc6 5. Bb5 Bd6 6. c4 Bb4+ 7. Nc3 Nf6 8.
Qe2+ Be6 9. Ne5 O-O 10. Bxc6 bxc6 11. Nxc6 Qd6 12. Nxb4 Qxb4 13. a3 Qxc4 14.
Qxc4 dxc4 15. Bg5 Nd5 16. Bd2 Ne7 17. f3 Rfd8 18. Ne2 Rab8 19. Bc3 Nd5 20.
O-O-O Bf5 21. Bd2 Rb3 22. Nc3 Nf6 23. Bg5 Rdb8 24. Bxf6 Rxb2 25. Ne4 Bxe4 26.
fxe4 gxf6 27. Rhf1 Rxg2 28. Rd2 Rb1+ 29. Kxb1 Rxd2 30. d5 Kg7 31. Rc1 Rd4 32.
Re1 f5 33. exf5 Rxd5 34. Rf1 Kf6 35. Rf4 Rc5 36. Rh4 Kxf5 37. Rh5+ 1-0

[Event "4NCL Division Three Bishops"]
[Site "Telford, ENG"]
[Date "2024.02.10"]
[Round "5.46"]
[White "Longson, Sarah N"]
[Black "Holroyd-Doveton, Nathaniel"]
[Result "1-0"]
[WhiteElo "2087"]
[BlackElo "1706"]
[PlyCount "71"]
[EventDate "2024.02.10"]
[WhiteTeam "Greater Woodpushers"]
[BlackTeam "Chessable White Rose 3"]

1. e4 e6 2. d4 d5 3. Nc3 Nf6 4. Bg5 Be7 5. e5 Nfd7 6. h4 c5 7. Bxe7 Kxe7 8. Qg4
Nc6 9. Qg5+ Kf8 10. Qxd8+ Nxd8 11. f4 a6 12. dxc5 Nxc5 13. b4 Nd7 14. Nf3 b6
15. Bd3 Bb7 16. h5 Rc8 17. Kd2 Ke7 18. Ne2 Nc6 19. a3 b5 20. Ned4 Nxd4 21. Nxd4
Nb6 22. Nb3 Nc4+ 23. Ke2 Rc7 24. a4 bxa4 25. Rxa4 Nb2 26. Ra2 Nxd3 27. cxd3
Rhc8 28. Nc5 Ra8 29. Rha1 Rac8 30. Ke3 Kd8 31. d4 h6 32. Rf1 Ke7 33. Raf2 f5
34. g4 Rf8 35. gxf5 Rxf5 36. Rg1 1-0

[Event "4NCL Division Three Bishops"]
[Site "Telford, ENG"]
[Date "2024.02.10"]
[Round "5.51"]
[White "Brackmann, Hendrik"]
[Black "Eden, Tomer"]
[Result "0-1"]
[WhiteElo "2101"]
[BlackElo "2154"]
[PlyCount "104"]
[EventDate "2024.02.10"]
[WhiteTeam "Oxford 2"]
[BlackTeam "Barnet Knights B"]

1. e4 c6 2. d4 d5 3. e5 c5 4. Nf3 Nc6 5. dxc5 Bg4 6. c3 e6 7. Be3 a6 8. Nbd2
Nxe5 9. Be2 Bxf3 10. Nxf3 Nd7 11. b4 Ngf6 12. Bd4 Be7 13. O-O O-O 14. Bd3 g6
15. Qe2 Nh5 16. g3 Bf6 17. Rfe1 Re8 18. Ne5 Nxe5 19. Bxe5 Bxe5 20. Qxe5 Qf6 21.
c4 Qxe5 22. Rxe5 dxc4 23. Bxc4 Red8 24. Be2 Nf6 25. Bf3 Rab8 26. Ree1 Kf8 27.
Rad1 Ke7 28. a4 Ne8 29. Rxd8 Kxd8 30. Rd1+ Kc7 31. Kf1 Nf6 32. Ke2 Nd7 33. Bg2
a5 34. Rc1 axb4 35. c6 bxc6 36. Rxc6+ Kd8 37. Rd6 b3 38. Rd1 b2 39. Rb1 Nc5 40.
Bc6 Rb4 41. Kd2 Kc7 42. Be8 Ne4+ 43. Kc2 Nd6 44. Bb5 Nxb5 45. axb5 Kb6 46. Rxb2
Rxb2+ 47. Kxb2 Kxb5 48. Kc3 Kc5 49. Kd3 Kd5 50. f4 f6 51. g4 g5 52. fxg5 fxg5
0-1

[Event "4NCL Division Three Bishops"]
[Site "Telford, ENG"]
[Date "2024.02.10"]
[Round "5.52"]
[White "Willmoth, Robert F"]
[Black "Murawski, Jan"]
[Result "1/2-1/2"]
[WhiteElo "2105"]
[BlackElo "2118"]
[PlyCount "82"]
[EventDate "2024.02.10"]
[WhiteTeam "Barnet Knights B"]
[BlackTeam "Oxford 2"]

1. d4 Nf6 2. Nf3 e6 3. Bf4 c5 4. e3 d5 5. c3 Qb6 6. Qb3 c4 7. Qc2 Bd7 8. Ne5
Be7 9. Be2 O-O 10. Nd2 Bc6 11. O-O Nbd7 12. b3 Nxe5 13. Bxe5 cxb3 14. axb3 Qd8
15. Bd3 h6 16. c4 b6 17. cxd5 Qxd5 18. f3 Rfc8 19. Ba6 Bb7 20. Qd3 Bxa6 21.
Rxa6 Nd7 22. Qe4 Qb5 23. Ra2 Nxe5 24. Qxe5 Qxe5 25. dxe5 Rc3 26. Kf2 Bc5 27.
Re1 a5 28. Rb2 Rd3 29. Ne4 Rc8 30. f4 Bb4 31. Reb1 Kf8 32. Ke2 Rd7 33. g4 Ke7
34. h4 g6 35. h5 gxh5 36. Nf6 Rdc7 37. gxh5 Rc1 38. Kf3 Rxb1 39. Rxb1 b5 40.
Ng4 Bc3 41. Ke4 Rg8 1/2-1/2

[Event "4NCL Division Three Bishops"]
[Site "Telford, ENG"]
[Date "2024.02.10"]
[Round "5.53"]
[White "Hansen, Hans-Peter"]
[Black "Ethelontis, Alexandros N"]
[Result "1-0"]
[WhiteElo "2169"]
[BlackElo "2041"]
[PlyCount "113"]
[EventDate "2024.02.10"]
[WhiteTeam "Oxford 2"]
[BlackTeam "Barnet Knights B"]

1. Nf3 Nf6 2. c4 e6 3. g3 d5 4. Bg2 Be7 5. d4 O-O 6. O-O dxc4 7. Qc2 a6 8. a4
Bd7 9. Qxc4 b5 10. Qd3 Bc6 11. Bg5 Nbd7 12. Nbd2 bxa4 13. Bxf6 Nxf6 14. Ne5
Bxg2 15. Kxg2 Qd5+ 16. Kg1 Qb5 17. Rfc1 Bd6 18. Nec4 Rfb8 19. Qc2 Qh5 20. Nf3
Nd5 21. Rxa4 Qg6 22. Qxg6 hxg6 23. Ne1 Nb6 24. Ra2 Nxc4 25. Rxc4 Kf8 26. Nd3
Rb5 27. f4 Ke8 28. Kf2 Kd7 29. Rca4 Rb6 30. Ke3 Kc8 31. h4 Kb7 32. b4 Kc8 33.
Kd2 Ra7 34. Kc3 Rab7 35. Kc4 Ra7 36. Ra5 c6 37. Nc5 Bxc5 38. dxc5 Rbb7 39. Rxa6
Rxa6 40. Rxa6 Kd7 41. Ra8 Ke7 42. e4 Kd7 43. e5 Ke7 44. g4 Kd7 45. h5 gxh5 46.
gxh5 Ke7 47. Rc8 Kd7 48. Rg8 Ke7 49. Rxg7 Ra7 50. h6 Ra1 51. h7 Rc1+ 52. Kb3
Rh1 53. b5 cxb5 54. c6 Rh4 55. c7 Kd7 56. Rxf7+ Kc8 57. Rf8+ 1-0

[Event "4NCL Division Three Bishops"]
[Site "Telford, ENG"]
[Date "2024.02.10"]
[Round "5.54"]
[White "Gagan B R"]
[Black "Foster, Timothy"]
[Result "0-1"]
[WhiteElo "1961"]
[BlackElo "1975"]
[PlyCount "162"]
[EventDate "2024.02.10"]
[WhiteTeam "Barnet Knights B"]
[BlackTeam "Oxford 2"]

1. d4 Nf6 2. Nc3 d5 3. Bf4 g6 4. e3 Bg7 5. h4 h5 6. Nf3 O-O 7. Ne5 c5 8. Qd2
cxd4 9. exd4 Nc6 10. Be2 Bf5 11. Nxc6 bxc6 12. f3 c5 13. dxc5 d4 14. Nb5 Nd5
15. Bg5 Ne3 16. Bd3 Bxd3 17. cxd3 Nxg2+ 18. Qxg2 Qa5+ 19. Qd2 Qxb5 20. Rc1 Rfc8
21. Qc2 Rc6 22. Kf2 Bf6 23. a4 Qa6 24. b4 Bxg5 25. hxg5 Re6 26. b5 Qa5 27. Rhe1
Rxe1 28. Rxe1 Qc7 29. Kg1 Qg3+ 30. Kf1 Qxf3+ 31. Qf2 Qxd3+ 32. Kg1 Re8 33. Rf1
Rf8 34. Qf4 Qc4 35. c6 Qxa4 36. c7 Qc4 37. Rc1 Qe6 38. Qxd4 Rc8 39. Rc6 Qg4+
40. Qxg4 hxg4 41. Kg2 Kf8 42. Kg3 Ke8 43. Rc1 Kd7 44. Rf1 Rxc7 45. Rxf7 Ke6 46.
Rf4 Rc5 47. Kxg4 Rxb5 48. Re4+ Re5 49. Ra4 a5 50. Rc4 Kd5 51. Rc7 Kd6 52. Ra7
e6 53. Kf4 Rf5+ 54. Kg4 Rc5 55. Rg7 a4 56. Rxg6 Ra5 57. Rg8 a3 58. Rd8+ Ke7 59.
Rd1 a2 60. Ra1 Kf7 61. Kh5 Kg7 62. Kg4 Kg6 63. Kf4 e5+ 64. Ke4 Kxg5 65. Rg1+
Kf6 66. Rf1+ Ke6 67. Ra1 Ra4+ 68. Kd3 Kd5 69. Kc3 e4 70. Kb2 Kd4 71. Rd1+ Ke3
72. Ka1 Ke2 73. Rh1 e3 74. Rh2+ Kd1 75. Rh1+ Kd2 76. Rc1 e2 77. Rc2+ Ke3 78.
Rc3+ Kf2 79. Rc2 Kf1 80. Rxe2 Kxe2 81. Kb2 a1=Q+ 0-1

[Event "4NCL Division Three Bishops"]
[Site "Telford, ENG"]
[Date "2024.02.10"]
[Round "5.55"]
[White "Blinov, Roman"]
[Black "Horan, George"]
[Result "0-1"]
[WhiteElo "1977"]
[BlackElo "1957"]
[PlyCount "64"]
[EventDate "2024.02.10"]
[WhiteTeam "Oxford 2"]
[BlackTeam "Barnet Knights B"]

1. d4 d5 2. Bf4 Nf6 3. e3 c5 4. Nf3 Nc6 5. Nbd2 Bg4 6. h3 Bxf3 7. Nxf3 e6 8. c3
Rc8 9. Qb3 Bd6 10. dxc5 Bxf4 11. exf4 Qc7 12. g3 O-O 13. Qa3 e5 14. f5 e4 15.
Nd4 e3 16. f4 Nh5 17. Rg1 Nxf4 18. Nxc6 bxc6 19. gxf4 Qxf4 20. Rg2 Rfe8 21. Qb4
Re4 22. Qb7 Rce8 23. Re2 Qg3+ 24. Kd1 d4 25. Kc2 Qf3 26. Qd7 R8e7 27. Qd8+ Re8
28. Qd7 R8e7 29. Qxc6 Qxf5 30. Qb5 dxc3 31. bxc3 Rb4+ 32. Qd3 Rb2+ 0-1

[Event "4NCL Division Three Bishops"]
[Site "Telford, ENG"]
[Date "2024.02.10"]
[Round "5.56"]
[White "Kirupakaran, Vishnu"]
[Black "Wilson, Edgar"]
[Result "1-0"]
[WhiteElo "1866"]
[BlackElo "1973"]
[PlyCount "109"]
[EventDate "2024.02.10"]
[WhiteTeam "Barnet Knights B"]
[BlackTeam "Oxford 2"]

1. e4 e6 2. d4 d5 3. Bd3 dxe4 4. Bxe4 Nf6 5. Bf3 c5 6. Ne2 Nc6 7. c3 e5 8. Bg5
cxd4 9. Bxc6+ bxc6 10. cxd4 Be7 11. Nbc3 h6 12. Bh4 exd4 13. Nxd4 c5 14. Nc6
Qc7 15. Nxe7 Qxe7+ 16. Qe2 Qxe2+ 17. Nxe2 g5 18. Bg3 Ne4 19. Be5 f6 20. Bc7 Rh7
21. f3 Rxc7 22. fxe4 Re7 23. Nc3 Bb7 24. O-O Kf7 25. Rf5 Re5 26. Raf1 Rxf5 27.
Rxf5 Kg6 28. Rxc5 Rd8 29. Rc7 Ba6 30. Nd5 Bd3 31. Nc3 a6 32. Kf2 f5 33. Rc6+
Kg7 34. e5 h5 35. g3 h4 36. gxh4 gxh4 37. Ke3 h3 38. Rd6 Re8 39. Kxd3 Rxe5 40.
Rd5 Re1 41. Rxf5 Rg1 42. Rf3 Rg2 43. Rxh3 Rxb2 44. Rg3+ Kf6 45. h4 Rh2 46. Rg4
Ke5 47. Ra4 Rh1 48. Ra5+ Kf4 49. Rxa6 Kf3 50. Ra4 Rh3 51. Rd4 Rh1 52. a4 Ra1
53. Kc4 Ra3 54. Kb4 Ra1 55. Rd1 1-0

[Event "4NCL Division Three Bishops"]
[Site "Telford, ENG"]
[Date "2024.02.10"]
[Round "5.61"]
[White "Madden, Paul"]
[Black "Headlong, Timothy"]
[Result "1/2-1/2"]
[WhiteElo "2106"]
[BlackElo "2045"]
[PlyCount "39"]
[EventDate "2024.02.10"]
[WhiteTeam "Ashfield 1"]
[BlackTeam "Brown Jack"]

1. e4 c5 2. Nc3 Nc6 3. f4 g6 4. Nf3 Bg7 5. Bb5 Nd4 6. Nxd4 cxd4 7. Ne2 Qb6 8.
Bd3 d5 9. e5 f6 10. a4 a6 11. a5 Qc7 12. exf6 Nxf6 13. c3 O-O 14. Nxd4 Qxf4 15.
Nf3 Qc7 16. Be2 e5 17. d4 e4 18. Ne5 Nd7 19. Nxd7 Bxd7 20. Be3 1/2-1/2

[Event "4NCL Division Three Bishops"]
[Site "Telford, ENG"]
[Date "2024.02.10"]
[Round "5.62"]
[White "Ogunshola, Ben"]
[Black "Mercs, Peter J"]
[Result "1-0"]
[WhiteElo "2027"]
[BlackElo "2021"]
[PlyCount "93"]
[EventDate "2024.02.10"]
[WhiteTeam "Brown Jack"]
[BlackTeam "Ashfield 1"]

1. c4 e5 2. Nc3 Bb4 3. g3 Nf6 4. Bg2 O-O 5. Qb3 Bxc3 6. bxc3 Nc6 7. d3 Re8 8.
Nh3 Na5 9. Qa4 c5 10. Bg5 Nc6 11. O-O h6 12. Bxf6 Qxf6 13. Rab1 d6 14. Kh1 Qe7
15. Ng1 Qc7 16. Qb5 Re7 17. f4 exf4 18. Rxf4 Nd8 19. Bd5 Bd7 20. Qb2 Bc6 21. e4
Bxd5 22. cxd5 f6 23. Ne2 Nf7 24. Qd2 Rae8 25. c4 Qd7 26. Nc3 Ne5 27. Kg2 Ng6
28. Rf2 Re5 29. Rbf1 Rh5 30. Rf5 Re5 31. Qf2 Rexf5 32. exf5 Ne5 33. h3 g5 34.
Ne4 Kg7 35. Qe2 g4 36. hxg4 Rg5 37. Nxg5 fxg5 38. Rb1 b6 39. Rb5 h5 40. gxh5
Qxf5 41. Qe4 Qc8 42. Rb1 Qa6 43. Rf1 Qxa2+ 44. Rf2 Qb3 45. Qf5 Qxd3 46. Qxg5+
Kh7 47. Qe7+ 1-0

[Event "4NCL Division Three Bishops"]
[Site "Telford, ENG"]
[Date "2024.02.10"]
[Round "5.63"]
[White "Coates, David H"]
[Black "Conterno, Dominique"]
[Result "1-0"]
[WhiteElo "2031"]
[BlackElo "1839"]
[PlyCount "75"]
[EventDate "2024.02.10"]
[WhiteTeam "Ashfield 1"]
[BlackTeam "Brown Jack"]

1. d4 Nf6 2. c4 g6 3. Nc3 Bg7 4. e4 d6 5. Nf3 O-O 6. Be2 Nbd7 7. O-O e5 8. Be3
c6 9. d5 cxd5 10. cxd5 Ng4 11. Bg5 f6 12. Bd2 f5 13. Ng5 Nc5 14. b4 Na6 15. Ne6
Bxe6 16. dxe6 Nf6 17. Qb3 Kh8 18. Rad1 Nxe4 19. Nxe4 fxe4 20. Be3 Qe7 21. Bb5
Nc7 22. Bd7 Rfd8 23. f3 Rxd7 24. exd7 Qxd7 25. fxe4 Ne6 26. Qd5 Rd8 27. Rf2 g5
28. g3 g4 29. Rdf1 Rf8 30. Rxf8+ Nxf8 31. Rf7 Qe8 32. Rxb7 Qg6 33. Rxa7 Ne6 34.
Ra8+ Nf8 35. b5 Qf6 36. b6 Qf3 37. Bf2 Qc3 38. b7 1-0

[Event "4NCL Division Three Bishops"]
[Site "Telford, ENG"]
[Date "2024.02.10"]
[Round "5.64"]
[White "Jones, Mark A"]
[Black "Mossong, Hubert"]
[Result "0-1"]
[WhiteElo "1779"]
[BlackElo "2067"]
[PlyCount "104"]
[EventDate "2024.02.10"]
[WhiteTeam "Brown Jack"]
[BlackTeam "Ashfield 1"]

1. e4 d6 2. d4 Nf6 3. Nc3 c6 4. f4 Qa5 5. e5 Ne4 6. Qf3 d5 7. Bd3 g6 8. Nge2 h5
9. O-O Bg4 10. Qe3 Nxc3 11. bxc3 e6 12. a4 Nd7 13. Ba3 c5 14. c4 dxc4 15. Bxc4
Bxe2 16. Bxe2 cxd4 17. Qxd4 Bc5 18. Bxc5 Qxc5 19. Rfd1 Qxd4+ 20. Rxd4 Nc5 21.
Rb1 Rc8 22. a5 Ke7 23. Bf3 Rc7 24. Kf2 Rb8 25. Rdb4 Kd8 26. Ke3 h4 27. g3 Kc8
28. gxh4 Na6 29. Rd4 Rxc2 30. Rbd1 Nc5 31. Rd8+ Kc7 32. Rxb8 Kxb8 33. Rd8+ Kc7
34. Rf8 Rc3+ 35. Kf2 Nd3+ 36. Kf1 Nxe5 37. Be4 f5 38. Bxf5 Rf3+ 39. Kg2 Rxf4
40. Re8 Rxf5 41. Re7+ Kd6 42. Rxb7 Nc6 43. a6 Ra5 44. Rg7 Ne7 45. Rh7 Rxa6 46.
h5 gxh5 47. Rxh5 Nf5 48. Kf3 Ke5 49. Rh7 Ra4 50. Rb7 a5 51. Rb5+ Kf6 52. h3
Nd4+ 0-1